000 00526nam a2200169 i 4500
001 47372
003 ES-MaACL
005 20250620063014.0
007 t|
008 030407s1960 sp ||||1| spa d
100 1 _aCorbera Fradera, Carolina,
_d1926-1979
_940459
245 1 0 _aFlor de gratitud
_b: ensayos en defensa de la femineidad /
_cCarolina Corbera Fradera.
260 _aMadrid :
_bLincor,
_c1960 (
_fUguina)
300 _a323 p. ;
_c19 cm.
852 _aES-MaACL
_jC-19475
_bR.47200
999 _c47372
_d47372